000 01158nam a2200325 c 4500
999 _c137228
_d137228
003 BLK
005 20220225165218.0
008 180409b bul|||||r ||||||| ||bul||
010 _aKNG00143194000
020 _a978-954-01-2694-4
040 _aBLK
041 _aBUL
_cBUL
072 7 _2bullib
_aН8400
_xБългарска поезия Н
072 7 _2bullib
_aК
_xКраезнание
080 _aБългарска литература
_b821.163.2
_x-1
_z821.163.2-1
100 1 _aПопов, Владимир Стефанов
_eпърви автор
_9374984
139 _aПопов, Владимир Стефанов
_bП 76
245 1 0 _aЧупливо
_bИзбрани и нови стихотворения
_cВладимир Стефанов Попов.
257 _aBGR
260 _bПросвета
_c2012
_fСофия : Д. Благоев
300 _a127 с.
_c21 см
380 _aX
659 _aК
659 _aН
852 _aЦб 259550
852 _aК 821.163.2/П 76 В
856 4 _qpdf
856 4 _qpdf
942 _cKNG
_n0
_s1
944 _aCR
_c29.05.2013
_lф /
_kПенка_Димитрова
944 _aED
_c28.11.2013
_lф /
999 _d137228